00559nam a2200169Ia 4500003000900000008004100009040001600050080002000066245013500086260003500221300001000256500002600266650004100292650001300333650002300346700002000369IN-BaIIA211028s9999 xx 000 0 eng d cIIA Library a524.6(042)bBOK 0aTen lectures on the kinematics and dynamics of our galaxycedited by B. J. Bok  aLong IslandbStony Brookc1968 a197p. aDonated by Mrs. Bappu aAstronomy and Astrophysics Thesaurus aGalaxies aMilky Way Galaxies aBok, B. J., ed.